Antecedentes técnicos y económicos para la producción de cerezo en la región del Maule
Bewaard in:
| Hoofdauteurs: | , |
|---|---|
| Coauteur: | |
| Formaat: | Boek |
| Taal: | Spaans |
| Gepubliceerd in: |
Santiago
Publicaciones CIREN
2012
|
| Editie: | 1a. ed |
| Onderwerpen: | |
| Tags: |
Voeg label toe
Geen labels, Wees de eerste die dit record labelt!
|
MARC
| LEADER | 00000cam a2200000 a 4500 | ||
|---|---|---|---|
| 001 | UCE3226 | ||
| 003 | CL-VaPUC | ||
| 008 | 140821e20120000cl |||||||||||||||||spa|d | ||
| 020 | |a 9789567153978 | ||
| 082 | 0 | 4 | |a 634.23 |b CAZ |2 21 |
| 100 | 0 | |a Cazanga Solar, Rodrigo |e author |9 575747 | |
| 700 | 0 | |a Leiva Madrid, Carolina |e author |9 575748 | |
| 110 | 2 | |a Centro de Información de Recursos Naturales |e author |9 575749 | |
| 245 | 1 | 0 | |a Antecedentes técnicos y económicos para la producción de cerezo en la región del Maule |
| 250 | |a 1a. ed | ||
| 300 | |a 43 p | ||
| 942 | |c BK | ||
| 945 | |d 20140821 14:35:00 |a arojas | ||
| 260 | |a Santiago |b Publicaciones CIREN |c 2012 | ||
| 650 | 7 | |a CEREZO |2 CL-VaPUC |9 264837 | |
| 650 | 0 | |a Cultivo |9 264268 | |
| 650 | 0 | |a Producción frutícola |9 404937 | |
| 651 | 7 | |a MAULE |2 CL-VaPUC |9 448501 | |
| 583 | |a last modification |c 20140821 14:35:00 |k Rodrigo Vera | ||
| 999 | |c 356649 |d 356647 | ||
| 952 | |0 0 |1 0 |3 erb |4 0 |6 634_230000000000000_CAZ_2012 |7 0 |8 A |9 464107 |a BIBAGR |b BIBAGR |i 5096103 |l 2 |o 634.23 CAZ 2012 |p 5096103 |r 2025-01-20 |s 2023-04-17 |w 2019-11-23 |y BK |z Catalogado en:20140821 |k AGR | ||